000 00928nam a22003017a 4500
001 050021436
003 DO-SdBNP
005 20180219144628.0
007 050021436
008 161202b 1980 sp a ||||| |||| 00| 0 spa d
020 _a8473740718
040 _aBPMSU
_bspa
_cBPMSU
082 _axxxx
_bxxxx
100 1 _aRawson, Christopher
245 1 0 _aCamuflages y disfraces /
_cChristopher Rawson ; ilustraciones Colin King, Liz Graham-Yooll ; adaptador Antonio Zorita García.
260 _aMadrid :
_bPlesa D.L.
_c1980.
300 _a64 p.
_bil. ;
_c19 cm.
490 1 _aGuía del buen espía
650 _aEspionaje
650 _aLibros infantiles
700 1 _aZorita García, Antonio
700 1 _aGraham-Yooll, Liz,
_eil.
700 1 _aKing, King,
_eil.
830 0 _aGuía del buen espía
942 _2ddc
_cBK
945 _aInventariado, 2018 / BT
956 _2LOPEREZ
_310
_620161202
_8BPMSU
_a00041
999 _c12248
_d12248